MARC

LEADER 00000nam0a2200000 4500
001 31756
005 20231101210046.0
010 |a 5247027426 
035 |a (RuTPU)RU\TPU\book\32048 
035 |a BOOK00000003 
090 |a 31756 
100 |a 20011210d1992 km y0rusy50 ca 
101 0 |a rus 
102 |a RU 
105 |a a z 000zy 
200 1 |a Основы дистанционного теплового мониторинга геологической среды городских агломераций  |f А. И. Антыпко 
210 |a Москва  |c Недра  |d 1992 
215 |a 148 с.  |c ил. 
320 |a Библиогр.: с. 147-149. 
606 |a Экология города  |2 stltpush  |3 (RuTPU)RU\TPU\subj\39024  |9 59265 
606 |a Эколого-геологические карты  |2 stltpush  |3 (RuTPU)RU\TPU\subj\66071  |9 82305 
606 |a Аэрокосмическая съемка, инфракрасная ,тепловая  |2 stltpush  |3 (RuTPU)RU\TPU\subj\29922  |9 53143 
610 1 |a геология 
610 1 |a геологическая съемка 
610 1 |a инфракрасная съемка 
610 1 |a города 
610 1 |a геологическая среда 
610 1 |a тепловой мониторинг 
610 1 |a экология 
610 1 |a дистанционный контроль 
675 |a 550.8:528  |v 3 
675 |a 528.8  |v 3 
675 |a 504.03  |v 3 
700 1 |a Антыпко  |b А. И.  |g Александр Ильич 
801 0 |a RU  |b 63413507  |c 20011210  |g PSBO 
801 2 |a RU  |b 63413507  |c 20171215  |g PSBO 
942 |c BK